[Event "FIDE World Blitz 2014"]
[Site "Dubai UAE"]
[Date "2014.06.20"]
[Round "14.48"]
[White "Zhigalko, Sergei"]
[Black "Nezad, Husein Aziz"]
[Result "1-0"]
[WhiteTitle "GM"]
[BlackTitle "IM"]
[WhiteElo "2678"]
[BlackElo "2365"]
[WhiteFideId "13502956"]
[BlackFideId "12100293"]
[EventDate "2014.06.19"]

1. e4 e5 2. Nf3 Nc6 3. Bb5 f5 4. Nc3 fxe4 5. Nxe4 Nf6 6. Qe2 d5 7. Nxf6+ gxf6 8.
O-O Bg7 9. Nd4 O-O 10. Nxc6 bxc6 11. Bxc6 Rb8 12. c4 dxc4 13. Qxc4+ Kh8 14. b3
Qd6 15. Bb2 Rb4 16. Qc3 Rd4 17. Rad1 f5 18. Qc2 Rg4 19. Bf3 Rg6 20. d3 Rg8 21.
Kh1 Qe7 22. Rfe1 c5 23. Rc1 Bb7 24. Bxb7 Qxb7 25. f3 Bf6 26. Re2 Qg7 27. Rg1 Rh6
28. g4 Qg5 29. Qxc5 Qf4 30. Rf1 fxg4 31. Bxe5 Bxe5 32. Qxe5+ Qxe5 33. Rxe5 g3
34. Re2 Rg5 35. Rg1 Rf5 36. Rxg3 Rhf6 37. Re8+ Rf8 38. Rxf8+ Rxf8 39. Kg2 Rd8
40. Rg4 Rxd3 41. Ra4 Rd7 42. Ra6 Kg7 43. Kg3 1-0

[Event "FIDE World Blitz 2014"]
[Site "Dubai UAE"]
[Date "2014.06.20"]
[Round "14.49"]
[White "AlHuwar, Jasem"]
[Black "Vakhidov, Jahongir"]
[Result "0-1"]
[WhiteTitle "FM"]
[BlackTitle "IM"]
[WhiteElo "2277"]
[BlackElo "2471"]
[WhiteFideId "9300465"]
[BlackFideId "14201801"]
[EventDate "2014.06.19"]

1. Nf3 Nf6 2. g3 g6 3. b3 Bg7 4. Bb2 O-O 5. Bg2 c5 6. c4 Nc6 7. O-O e6 8. d4 d5
9. cxd5 Nxd5 10. e3 b6 11. Na3 Ba6 12. Re1 Ndb4 13. Bf1 Bxf1 14. Kxf1 cxd4 15.
Nxd4 Nxd4 16. exd4 Qd5 17. Kg1 Nc6 18. Nc4 Nxd4 19. Bxd4 Bxd4 20. Rc1 Rfd8 21.
Qe2 Rac8 22. Rcd1 Qc5 23. Kg2 b5 24. Nd2 Qc6+ 25. Nf3 Bf6 26. Kg1 Kg7 27. h4 Qc5
28. Nh2 Qf5 29. Rxd8 Rxd8 30. Ng4 a6 31. Ne3 Qe4 32. Rc1 Rd7 33. Rd1 Rxd1+ 34.
Qxd1 Bd4 35. Nf1 e5 36. Nd2 Qd3 37. Qe1 Bc3 0-1

[Event "FIDE World Blitz 2014"]
[Site "Dubai UAE"]
[Date "2014.06.20"]
[Round "14.50"]
[White "Al-Sayed, Mohammed"]
[Black "Suhail, Abdurahim"]
[Result "1-0"]
[WhiteTitle "GM"]
[BlackTitle "CM"]
[WhiteElo "2505"]
[BlackElo "2239"]
[WhiteFideId "12100196"]
[BlackFideId "9300228"]
[EventDate "2014.06.19"]

1. d4 c5 2. d5 e5 3. c4 d6 4. Nc3 f5 5. e4 Nf6 6. exf5 Bxf5 7. Nge2 Be7 8. Ng3
Bg6 9. h4 h6 10. Bd3 Bxd3 11. Qxd3 O-O 12. Bxh6 e4 13. Qd2 gxh6 14. Qxh6 Nh7 15.
Ncxe4 Nd7 16. Nh5 Rf7 17. Rh3 Ne5 18. Rg3+ Kh8 19. Rg7 Qg8 20. Rxg8+ Rxg8 21.
Nxd6 Nd3+ 22. Kd2 Rxf2+ 1-0

[Event "FIDE World Blitz 2014"]
[Site "Dubai UAE"]
[Date "2014.06.20"]
[Round "14.51"]
[White "Tissir, Mohamed"]
[Black "Taleb, Moussa"]
[Result "1/2-1/2"]
[WhiteTitle "IM"]
[BlackTitle "GM"]
[WhiteElo "2380"]
[BlackElo "2406"]
[WhiteFideId "9000240"]
[BlackFideId "9300201"]
[EventDate "2014.06.19"]

1. e4 c5 2. Nc3 Nc6 3. Bb5 g6 4. Bxc6 dxc6 5. d3 Bg7 6. Nge2 e5 7. Be3 b6 8. Qd2
Ne7 9. O-O-O Be6 10. Kb1 h6 11. f4 exf4 12. Nxf4 Qd7 13. h3 Rd8 14. Rhf1 h5 15.
Rf3 O-O 16. Nxe6 Qxe6 17. Bh6 c4 18. Bxg7 Kxg7 19. Qf2 c5 20. d4 cxd4 21. Rxd4
Nc6 22. Rxd8 Rxd8 23. a3 Ne5 24. Rg3 a5 25. Nd5 b5 26. Nf4 Rd1+ 27. Ka2 Qc6 28.
Nxh5+ Kf8 29. Qf4 Qe6 30. Qh6+ Ke7 31. Ng7 Qf6 32. Qh8 Rd8 33. Qh6 b4 34. Qe3
Qxg7 35. Qc5+ Ke8 36. Rg5 b3+ 37. cxb3 cxb3+ 38. Kxb3 Nd7 39. Qc6 Rb8+ 40. Rb5
Rxb5+ 41. Qxb5 Qd4 42. Qc6 Ke7 43. e5 Qxe5 44. Kc4 Qxb2 45. Qe4+ Qe5 46. Qxe5+
Nxe5+ 47. Kb5 Kd6 48. Kxa5 Kc5 49. Ka6 Nc4 50. a4 Ne3 51. g3 Kc6 52. Ka5 Nf5 53.
g4 Nd4 54. Kb4 Ne2 55. Kc4 Nf4 56. h4 Ne6 57. a5 f5 58. gxf5 gxf5 59. h5 f4 60.
h6 Ng5 61. Kd4 Kb5 62. h7 Nxh7 63. Ke4 Nf6+ 64. Kxf4 Kxa5 1/2-1/2

[Event "FIDE World Blitz 2014"]
[Site "Dubai UAE"]
[Date "2014.06.20"]
[Round "15.2"]
[White "Anand, Viswanathan"]
[Black "Nepomniachtchi, Ian"]
[Result "0-1"]
[WhiteTitle "GM"]
[BlackTitle "GM"]
[WhiteElo "2785"]
[BlackElo "2730"]
[WhiteFideId "5000017"]
[BlackFideId "4168119"]
[EventDate "2014.06.19"]

1. e4 c5 2. Nf3 d6 3. Bb5+ Bd7 4. Bxd7+ Nxd7 5. c4 Ne5 6. d4 Nxf3+ 7. gxf3 cxd4
8. Qxd4 Nf6 9. Nc3 g6 10. c5 Bg7 11. cxd6 O-O 12. e5 Nd7 13. f4 Nb6 14. Be3 exd6
15. Qxd6 Qxd6 16. exd6 Rfd8 17. O-O-O Rac8 18. Rd3 Rc6 19. Rhd1 Rd7 20. Bxb6
axb6 21. Kb1 Bxc3 22. bxc3 Kg7 23. Kb2 Kf6 24. Kb3 Ke6 25. Kb4 Kf5 26. Rd4 h5
27. a4 Ke6 28. R1d3 Kf5 29. Kb5 Ke6 30. c4 Kf6 31. Rd5 Ke6 32. f5+ gxf5 33. Re3+
Kf6 34. Ree5 Rdxd6 35. Rxf5+ Ke7 36. Rfe5+ Re6 37. Rxe6+ Rxe6 38. Rxh5 Rf6 39.
Re5+ Kd6 40. Re2 Kc7 41. Re7+ Kb8 42. Re2 Kc7 43. h4 Rf5+ 44. Kb4 Kc6 45. Re1
Rxf2 46. Rh1 Rf6 47. h5 Rh6 48. Rh4 f5 49. Kc3 Kd6 50. Kd4 Ke6 51. Ke3 Ke5 52.
Kf3 f4 53. Kg4 Rh8 54. h6 Ke4 55. Kg5 Ke3 56. h7 f3 57. Kg6 f2 58. Rh1 Ke2 59.
Kg7 Rxh7+ 60. Kxh7 f1=Q 61. Rxf1 Kxf1 62. Kg6 Ke2 63. Kf6 Kd3 0-1

[Event "FIDE World Blitz 2014"]
[Site "Dubai UAE"]
[Date "2014.06.20"]
[Round "15.6"]
[White "Wojtaszek, Radoslaw"]
[Black "Yudin, Sergei"]
[Result "0-1"]
[WhiteTitle "GM"]
[BlackTitle "GM"]
[WhiteElo "2715"]
[BlackElo "2546"]
[WhiteFideId "1118358"]
[BlackFideId "4159659"]
[EventDate "2014.06.19"]

1. d4 d5 2. c4 e6 3. Nc3 c6 4. e3 Bd6 5. Bd3 f5 6. Qc2 Nf6 7. Nge2 O-O 8. Bd2
Kh8 9. f3 dxc4 10. Bxc4 Qe7 11. O-O Nbd7 12. e4 fxe4 13. Nxe4 Nxe4 14. Qxe4 Nf6
15. Qh4 e5 16. Rae1 Qc7 17. Bd3 Be6 18. Bc3 Bg8 19. Kh1 Rae8 20. dxe5 Bxe5 21.
Bxe5 Rxe5 22. Nf4 Bf7 23. Ng6+ Bxg6 24. Bxg6 Qe7 25. Bc2 Re8 26. Rd1 Re2 27. Bb3
Rxb2 28. h3 Re2 29. Rd4 h6 30. Rfd1 Re1+ 31. Rxe1 Qxe1+ 32. Qxe1 Rxe1+ 33. Kh2
g5 34. f4 Kg7 35. fxg5 hxg5 36. Rd8 Re7 37. Kg3 Rc7 38. h4 gxh4+ 39. Kxh4 c5 40.
Bc4 Re7 41. Bd3 c4 42. Bf5 Rc7 43. g4 c3 44. g5 Ng8 45. Bc2 Ne7 46. Kg4 Nc6 47.
Rd6 Nb4 48. Rg6+ Kf7 49. Rf6+ Kg7 50. Rg6+ Kf8 51. Bb3 c2 52. Bxc2 Nxc2 53. Rf6+
Kg7 54. Kh5 Rc6 55. Rf4 Ne3 56. Rd4 Rc7 57. Rd6 Nf5 58. Rg6+ Kh7 59. Rf6 Ng7+
60. Kg4 Rc4+ 61. Kf3 Ra4 62. Rf7 b5 63. Rb7 b4 64. Ke3 a5 65. Kd3 Rxa2 66. Kc4
Ra3 67. Rb6 Nf5 68. Rf6 Ne3+ 69. Kb5 b3 70. Rf2 Nd1 71. Rd2 b2 72. Rxd1 Ra1 73.
Rd7+ Kg6 0-1

[Event "FIDE World Blitz 2014"]
[Site "Dubai UAE"]
[Date "2014.06.20"]
[Round "15.10"]
[White "Mamedov, Rauf"]
[Black "Laznicka, Viktor"]
[Result "1-0"]
[WhiteTitle "GM"]
[BlackTitle "GM"]
[WhiteElo "2659"]
[BlackElo "2679"]
[WhiteFideId "13401653"]
[BlackFideId "316385"]
[EventDate "2014.06.19"]

1. e4 c6 2. Ne2 d5 3. e5 d4 4. c3 c5 5. b4 d3 6. Nf4 c4 7. Na3 Qc7 8. Nd5 Qxe5+
9. Ne3 b5 10. Qf3 f5 11. Qxa8 f4 12. Qd5 Nd7 13. Qxe5 Nxe5 14. Nd5 a6 15. Nxf4
Bb7 16. Ne6 Nf6 17. Nc5 Bc6 18. Nxa6 Nd5 19. Nb8 Bb7 20. Nxb5 g6 21. Na3 Bg7 22.
Bb2 O-O 23. Nd7 Nxd7 24. Nxc4 Nf4 25. f3 Rc8 26. Ne3 e5 27. O-O-O e4 28. fxe4
Bxe4 29. Re1 Nb6 30. Rg1 Na4 31. g3 Ne6 32. Bh3 Re8 33. Nc4 Ng5 34. Bg2 Nxb2 35.
Kxb2 Rb8 36. a3 Bxg2 37. Rxg2 Rc8 38. Nb6 Rb8 39. Nd5 Nf3 40. Re3 Ne5 41. Kb3
Rd8 42. Nf4 Rd6 43. Rg1 g5 44. Nh5 Bh8 45. Rge1 Rh6 46. Rxe5 Bxe5 47. Rxe5 Rxh5
48. h4 Kf7 49. Rxg5 Rxg5 1-0

[Event "FIDE World Blitz 2014"]
[Site "Dubai UAE"]
[Date "2014.06.20"]
[Round "15.12"]
[White "Caruana, Fabiano"]
[Black "Iturrizaga Bonelli, Eduardo"]
[Result "1-0"]
[WhiteTitle "GM"]
[BlackTitle "GM"]
[WhiteElo "2791"]
[BlackElo "2653"]
[WhiteFideId "2020009"]
[BlackFideId "3901211"]
[EventDate "2014.06.19"]

1. Nf3 c5 2. g3 g6 3. Bg2 Bg7 4. O-O Nc6 5. c4 d6 6. Nc3 Nh6 7. d3 Nf5 8. Bd2
O-O 9. Rb1 Qd7 10. a3 b6 11. b4 Bb7 12. e3 Rac8 13. Ne1 Rfd8 14. Qe2 e6 15. Nc2
Nce7 16. Bxb7 Qxb7 17. bxc5 dxc5 18. Rfd1 Nc6 19. f4 Rd7 20. Be1 Rcd8 21. g4
Nfe7 22. Ne4 Qa6 23. Bh4 Kh8 24. Bf6 Rf8 25. g5 Ng8 26. Ne1 Qc8 27. Nf3 Bxf6 28.
gxf6 Qd8 29. Ne5 Nxe5 30. fxe5 Qc7 31. Qb2 Rfd8 32. Qc3 Nh6 33. h3 Nf5 34. Kf2
Rc8 35. Rd2 Qd8 36. Rh1 Qf8 37. h4 Qh6 38. Rh3 Qh5 39. Qc1 Rcd8 40. Qf1 Qg4 41.
Ng5 h6 42. Nf3 Rxd3 43. Rxd3 Rxd3 44. Qxd3 Qxh3 45. Qd8+ Kh7 46. Qf8 Qg3+ 47.
Ke2 Qg2+ 48. Kd3 Qf1+ 49. Kc2 Qxc4+ 50. Kd2 Qd5+ 51. Ke2 Qc4+ 52. Kf2 Qc2+ 53.
Kg1 Qd1+ 54. Kf2 Qc2+ 55. Kg1 Qb1+ 56. Kf2 Qc2+ 57. Kg1 Qc1+ 58. Kg2 Nxe3+ 59.
Kf2 Nd1+ 60. Kg3 1-0

[Event "FIDE World Blitz 2014"]
[Site "Dubai UAE"]
[Date "2014.06.20"]
[Round "15.14"]
[White "Fedoseev, Vladimir3"]
[Black "Korobov, Anton"]
[Result "0-1"]
[WhiteTitle "GM"]
[BlackTitle "GM"]
[WhiteElo "2662"]
[BlackElo "2680"]
[WhiteFideId "24130737"]
[BlackFideId "14105730"]
[EventDate "2014.06.19"]

1. Nf3 Nf6 2. g3 g6 3. Bg2 Bg7 4. c4 O-O 5. O-O Nc6 6. d4 a6 7. Nc3 Rb8 8. c5 d5
9. Ne5 e6 10. f4 Nd7 11. Nxc6 bxc6 12. e3 f6 13. Qa4 Bb7 14. Bd2 e5 15. f5 Re8
16. Rad1 e4 17. b4 Nf8 18. Qa5 Bc8 19. g4 h5 20. h3 hxg4 21. hxg4 gxf5 22. gxf5
Bh6 23. Rf2 Re7 24. Kf1 Qe8 25. a4 Qh5 26. b5 axb5 27. axb5 Bxf5 28. Ra1 Rg7 29.
Ne2 Rxb5 30. Qa8 Rb2 31. Qxc6 Bg4 32. Ke1 Bf3 33. Bf1 Qh4 34. Qxd5+ Kh7 35. Qf5+
Ng6 36. Qh3 Bg5 37. Ng3 Qxh3 38. Bxh3 Bh4 39. Bc3 Rb3 40. Nf5 Rxc3 41. Nxh4 Nxh4
42. Kd2 Rd3+ 43. Kc2 Rxe3 44. Rh2 Re2+ 45. Rxe2 Bxe2 46. Rh1 Bf3 47. Bf5+ Kh6
48. Rxh4+ Kg5 49. Rh7 Rxh7 50. Bxh7 e3 51. Kd3 Kf4 52. Bg8 c6 53. d5 cxd5 54. c6
Be4+ 55. Ke2 d4 56. c7 d3+ 57. Kf1 d2 58. Bb3 Bd3+ 59. Kg2 Ba6 60. Bd1 Ke4 61.
Be2 Bxe2 62. c8=Q d1=Q 63. Qe6+ Kd3 64. Qd5+ Kc2 65. Qc5+ Kd2 66. Qb4+ Kc1 67.
Qa3+ Kb1 68. Qb4+ Ka2 69. Qa5+ Kb3 70. Qb6+ Ka4 71. Qa7+ Kb5 72. Qb7+ Kc4 73.
Qc6+ Kb4 74. Qb6+ Bb5 75. Qxf6 Qd2+ 76. Kg3 e2 77. Qe7+ Kb3 78. Qe6+ Bc4 79.
Qb6+ Kc2 80. Qg6+ Kc1 0-1

[Event "FIDE World Blitz 2014"]
[Site "Dubai UAE"]
[Date "2014.06.20"]
[Round "15.15"]
[White "Nguyen, Ngoc Truong Son"]
[Black "Amin, Bassem"]
[Result "0-1"]
[WhiteTitle "GM"]
[BlackTitle "GM"]
[WhiteElo "2621"]
[BlackElo "2635"]
[WhiteFideId "12401110"]
[BlackFideId "10601457"]
[EventDate "2014.06.19"]

1. d4 f5 2. c4 e6 3. g3 Nf6 4. Bg2 Be7 5. Nf3 O-O 6. O-O d6 7. Nc3 Qe8 8. Re1
Ne4 9. Qc2 Qg6 10. Be3 Bf6 11. Nxe4 fxe4 12. Nd2 d5 13. cxd5 exd5 14. f3 exf3
15. Qxg6 hxg6 16. exf3 c6 17. f4 Na6 18. Nf3 Nb4 19. Re2 Bg4 20. a3 Na6 21. Bf2
Nc7 22. Rd2 Bxf3 23. Bxf3 Rae8 24. h4 Nb5 25. Kg2 Nd6 26. Rad1 Re7 27. b3 Rfe8
28. a4 Nf5 29. Rb1 a5 30. b4 axb4 31. Rxb4 Nd6 32. Rdb2 Ra8 33. g4 Rf7 34. Bg3
Be7 35. Re2 Bf8 36. Ra2 Nc4 37. Rb3 Bd6 38. f5 Bxg3 39. fxg6 Rxf3 40. Kxf3 Bxh4
41. Rxb7 Bf6 42. a5 Bxd4 43. a6 Ne5+ 44. Ke2 Nxg6 45. a7 Kh7 46. Ra6 Ne5 47. Re7
Kg6 48. Ra4 Nc4 49. Rc7 Kg5 50. Rxc6 Rxa7 51. Rxa7 Bxa7 52. Rc7 Bd4 53. Rd7 Nb6
54. Rd6 Kf4 55. Kd3 Ke5 56. Rg6 Na4 57. Rxg7 Nc5+ 58. Ke2 Ne6 59. Re7 Kd6 60.
Re8 Bf6 61. Ra8 Ke5 62. Re8 d4 63. Kf3 Bg5 64. Ke2 Kd5 65. Ra8 Nc5 66. Rg8 Ne6
67. Ra8 Ke4 68. Re8 d3+ 69. Kd1 Kd5 70. Rg8 Bf4 71. Ra8 Nc5 72. Rf8 Ke4 73. Re8+
Kf3 74. Rg8 Ne4 75. Rd8 Ke3 76. Re8 Bg5 77. Re5 Kd4 78. Rf5 Nc3+ 0-1

[Event "FIDE World Blitz 2014"]
[Site "Dubai UAE"]
[Date "2014.06.20"]
[Round "15.16"]
[White "Fressinet, Laurent"]
[Black "Guseinov, Gadir"]
[Result "0-1"]
[WhiteTitle "GM"]
[BlackTitle "GM"]
[WhiteElo "2717"]
[BlackElo "2613"]
[WhiteFideId "608742"]
[BlackFideId "13401378"]
[EventDate "2014.06.19"]

1. e4 c5 2. Nf3 g6 3. c3 Bg7 4. d4 cxd4 5. cxd4 d5 6. e5 Nh6 7. h3 O-O 8. Nc3
Bf5 9. Be2 Nc6 10. O-O Be4 11. Ng5 Qb6 12. Ngxe4 dxe4 13. Nxe4 Nxd4 14. Bc4 Rad8
15. Nc3 Nhf5 16. Bf4 Ne6 17. Qc1 Nxf4 18. Qxf4 Rd4 0-1

[Event "FIDE World Blitz 2014"]
[Site "Dubai UAE"]
[Date "2014.06.20"]
[Round "15.17"]
[White "Riazantsev, Alexander"]
[Black "Van Wely, Loek"]
[Result "1-0"]
[WhiteTitle "GM"]
[BlackTitle "GM"]
[WhiteElo "2692"]
[BlackElo "2654"]
[WhiteFideId "4125029"]
[BlackFideId "1000268"]
[EventDate "2014.06.19"]

1. d4 Nf6 2. c4 c5 3. d5 b5 4. cxb5 a6 5. bxa6 g6 6. Nc3 Bxa6 7. e4 Bxf1 8. Kxf1
d6 9. Nf3 Nbd7 10. g3 Bg7 11. Kg2 O-O 12. a4 Qb6 13. Qc2 Rfb8 14. Nb5 Ne8 15.
Bd2 Nc7 16. Nxc7 Qxc7 17. Rab1 c4 18. b4 c3 19. Rhc1 Qc4 20. Bxc3 Rc8 21. Rb3
Rxa4 22. Qb2 Qxe4 23. Bxg7 Rxc1 24. Bh6 f6 25. Qxc1 Qxd5 26. Re3 Ra8 27. Qc7 Ne5
28. Qxe7 1-0

[Event "FIDE World Blitz 2014"]
[Site "Dubai UAE"]
[Date "2014.06.20"]
[Round "15.19"]
[White "Lu, Shanglei"]
[Black "Ipatov, Alexander"]
[Result "1/2-1/2"]
[WhiteTitle "GM"]
[BlackTitle "GM"]
[WhiteElo "2546"]
[BlackElo "2613"]
[WhiteFideId "8603332"]
[BlackFideId "14116731"]
[EventDate "2014.06.19"]

1. e4 e5 2. Nc3 Nf6 3. g3 Nc6 4. Bg2 d6 5. Nge2 g6 6. d4 Bg7 7. dxe5 dxe5 8.
Qxd8+ Nxd8 9. h3 c6 10. Be3 Ne6 11. O-O-O h5 12. f4 Bh6 13. Bd2 h4 14. f5 Nc7
15. Bxh6 Rxh6 16. g4 g5 17. Ng1 Nd7 18. Nf3 f6 19. Rd6 Ke7 20. Rhd1 Rh8 21. a4
a5 22. Bf1 Nb6 23. R6d2 Bd7 24. Ne1 Rad8 25. Nd3 Na6 26. b3 Bc8 27. Nb2 Nc5 28.
Nd3 Nxd3+ 29. Rxd3 Rxd3 30. Rxd3 Rd8 31. Kd2 Rxd3+ 32. Bxd3 Kd6 33. Nd1 Bd7 34.
Kc3 Be8 35. Ne3 Bf7 36. Be2 Kc5 37. Nd1 Nc8 38. Nf2 b5 39. Nd3+ Kb6 40. Nb2 Nd6
41. Bd3 b4+ 42. Kd2 c5 43. c4 Nc8 44. Nd1 Ne7 45. Ne3 Nc6 46. Bc2 Nd4 47. Bd1
Kc7 48. Ke1 Kd6 49. Kd2 1/2-1/2

[Event "FIDE World Blitz 2014"]
[Site "Dubai UAE"]
[Date "2014.06.20"]
[Round "15.20"]
[White "Yu, Yangyi"]
[Black "Inarkiev, Ernesto"]
[Result "0-1"]
[WhiteTitle "GM"]
[BlackTitle "GM"]
[WhiteElo "2675"]
[BlackElo "2682"]
[WhiteFideId "8603820"]
[BlackFideId "4162722"]
[EventDate "2014.06.19"]

1. e4 e5 2. Nf3 Nc6 3. Bb5 a6 4. Ba4 Nf6 5. O-O Be7 6. Re1 b5 7. Bb3 O-O 8. h3
Bb7 9. Nc3 Na5 10. Nxe5 Nxb3 11. axb3 b4 12. Ne2 Nxe4 13. d3 Nf6 14. Ng3 d6 15.
Ng4 Qd7 16. Bg5 Nd5 17. Bxe7 Nxe7 18. Qd2 f5 19. Qxb4 Rab8 20. Nh2 Ng6 21. Qc4+
Kh8 22. f3 f4 23. Ngf1 Ne5 24. Qc3 Qf7 25. d4 Ng6 26. Qd2 Nh4 27. Qf2 Qf6 28.
Nd2 Rbe8 29. Rxe8 Rxe8 30. c3 Qg5 31. Ne4 Bxe4 32. fxe4 Rxe4 33. Nf3 Nxf3+ 34.
Qxf3 Qe7 35. Rxa6 g5 36. Kh2 Re3 37. Ra8+ Kg7 38. Qd5 Re2 39. Rg8+ Kh6 40. h4
gxh4 41. Qf5 Re4 42. Rg4 c6 43. b4 d5 44. b5 f3 45. Qxf3 Qd6+ 46. Kh3 Qe6 47.
Kxh4 Qe7+ 48. Kh3 Re3 49. Rh4+ 0-1

[Event "FIDE World Blitz 2014"]
[Site "Dubai UAE"]
[Date "2014.06.20"]
[Round "15.21"]
[White "Volokitin, Andrei"]
[Black "Svidler, Peter"]
[Result "0-1"]
[WhiteTitle "GM"]
[BlackTitle "GM"]
[WhiteElo "2638"]
[BlackElo "2753"]
[WhiteFideId "14107090"]
[BlackFideId "4102142"]
[EventDate "2014.06.19"]

1. e4 g6 2. d4 Bg7 3. Nc3 d6 4. Be3 a6 5. Qd2 Nd7 6. h4 h6 7. f3 b5 8. a4 b4 9.
Nd1 Rb8 10. Ne2 Ngf6 11. Nf4 e5 12. dxe5 Nxe5 13. Nf2 O-O 14. Rd1 Qe7 15. Be2
Rd8 16. Nd5 Nxd5 17. exd5 Re8 18. f4 Nd7 19. Rh3 Nc5 20. Rf3 Bxb2 21. Kf1 Bc3
22. Qc1 Qxh4 23. Bd4 Bxd4 24. Rxd4 Qf6 25. Qd2 b3 26. cxb3 Nxb3 27. Rxb3 Rxb3
28. Ne4 Qh4 29. Bd3 Bf5 30. Nf2 Bxd3+ 0-1

[Event "FIDE World Blitz 2014"]
[Site "Dubai UAE"]
[Date "2014.06.20"]
[Round "15.22"]
[White "Matlakov, Maxim"]
[Black "Movsesian, Sergei"]
[Result "1-0"]
[WhiteTitle "GM"]
[BlackTitle "GM"]
[WhiteElo "2689"]
[BlackElo "2672"]
[WhiteFideId "4168003"]
[BlackFideId "310204"]
[EventDate "2014.06.19"]

1. Nf3 d5 2. g3 c6 3. Bg2 Bg4 4. O-O Nd7 5. c4 e6 6. cxd5 cxd5 7. Qb3 Nc5 8.
Qb5+ Qd7 9. Nc3 a6 10. Qxd7+ Nxd7 11. d3 Ngf6 12. Bf4 Bc5 13. Rfc1 Ba7 14. Ne5
Nxe5 15. Bxe5 O-O 16. h3 Bh5 17. g4 Bg6 18. Na4 Nd7 19. Bd6 Rfc8 20. b4 Bd4 21.
Rab1 b5 22. Nc5 Nb6 23. Nb3 Bf6 24. f4 Na4 25. g5 Bb2 26. Rxc8+ Rxc8 27. Nc5
Bd4+ 28. Kf1 Rc6 29. Be7 Nc3 30. Rb3 Nd1 31. Bf3 Ne3+ 32. Ke1 Nf5 33. Bd8 Be3
34. Ra3 Rc8 35. Bb6 Nd4 36. Kd1 Nc6 37. Rxa6 Nxb4 38. Ra7 h6 39. a3 Nc6 40. Rb7
Nd4 41. Nb3 Nxb3 42. Bxe3 d4 43. Bd2 hxg5 44. fxg5 Bf5 45. Rxb5 Bxh3 46. Rxb3 e5
47. a4 Bd7 48. Ra3 Rb8 49. a5 f5 50. gxf6 gxf6 51. a6 1-0

[Event "FIDE World Blitz 2014"]
[Site "Dubai UAE"]
[Date "2014.06.20"]
[Round "15.23"]
[White "Ringoir, Tanguy"]
[Black "Najer, Evgeniy"]
[Result "1-0"]
[WhiteTitle "IM"]
[BlackTitle "GM"]
[WhiteElo "2506"]
[BlackElo "2653"]
[WhiteFideId "208027"]
[BlackFideId "4118987"]
[EventDate "2014.06.19"]

1. d4 d5 2. c4 c6 3. cxd5 cxd5 4. Nf3 Nc6 5. Nc3 Nf6 6. Bf4 Nh5 7. Bd2 Nf6 8.
Bf4 Nh5 9. Bd2 Nf6 10. Bf4 Nh5 11. Bd2 e6 12. Rc1 Be7 13. e3 O-O 14. Ne5 Nxe5
15. dxe5 g6 16. Be2 Ng7 17. O-O Bd7 18. Qb3 Qb8 19. f4 Bc6 20. Nb5 Bxb5 21. Bxb5
f6 22. Bc3 Nf5 23. Bd7 Kf7 24. e4 Ne3 25. Rf3 Rd8 26. exf6 Bc5 27. Be5 Nc4+ 28.
Kh1 Nxe5 29. fxe5 Rxd7 30. Rh3 h5 31. Qg3 dxe4 32. Rxh5 Qg8 33. Rh6 Rad8 34. Qg4
e3 35. h4 Rd4 36. Qf3 b6 37. b4 1-0

[Event "FIDE World Blitz 2014"]
[Site "Dubai UAE"]
[Date "2014.06.20"]
[Round "15.25"]
[White "Vitiugov, Nikita"]
[Black "Andriasian, Zaven"]
[Result "1/2-1/2"]
[WhiteTitle "GM"]
[BlackTitle "GM"]
[WhiteElo "2742"]
[BlackElo "2611"]
[WhiteFideId "4152956"]
[BlackFideId "13302000"]
[EventDate "2014.06.19"]

1. d4 Nf6 2. Bg5 c5 3. Bxf6 gxf6 4. d5 f5 5. c4 Bg7 6. Qc2 b5 7. e3 bxc4 8. Bxc4
d6 9. Ne2 Nd7 10. Nbc3 Rb8 11. O-O O-O 12. Nf4 Ne5 13. Be2 Qa5 14. Nh5 Bd7 15.
Nxg7 Kxg7 16. f4 Ng6 17. Bd3 c4 18. Bxc4 Qb6 19. Rab1 Qxe3+ 20. Qf2 Qxf2+ 21.
Rxf2 Rfc8 22. b3 e5 23. dxe6 fxe6 24. Rd1 d5 25. Ne2 dxc4 26. Rxd7+ Kf6 27. Ng3
Nf8 28. Rxa7 cxb3 29. axb3 Rc1+ 30. Rf1 Rxf1+ 31. Nxf1 Rxb3 32. Nd2 Rb4 33. g3
e5 34. fxe5+ Kxe5 35. Nf3+ Kf6 36. Ra6+ Kg7 37. Nh4 Rb5 38. Kg2 Ng6 39. Nxg6
hxg6 40. h4 1/2-1/2

[Event "FIDE World Blitz 2014"]
[Site "Dubai UAE"]
[Date "2014.06.20"]
[Round "15.26"]
[White "Dubov, Daniil"]
[Black "Sokolov, Ivan"]
[Result "1-0"]
[WhiteTitle "GM"]
[BlackTitle "GM"]
[WhiteElo "2614"]
[BlackElo "2650"]
[WhiteFideId "24126055"]
[BlackFideId "14400030"]
[EventDate "2014.06.19"]

1. Nf3 d5 2. g3 Bg4 3. Bg2 Nd7 4. O-O e6 5. d3 Bd6 6. h3 Bh5 7. Nbd2 Ne7 8. Qe1
O-O 9. e4 c5 10. Nh2 f6 11. f4 Bf7 12. Nhf3 Rc8 13. c3 b5 14. a4 b4 15. c4 a5
16. Nb3 dxc4 17. dxc4 e5 18. Qe2 Nb6 19. Nxa5 Qc7 20. fxe5 Bxe5 21. Nxe5 fxe5
22. Qc2 Ra8 23. Nb3 Bxc4 24. Rxf8+ Kxf8 25. Be3 Bxb3 26. Qxb3 Nd7 27. Rf1+ Nf6
28. g4 h6 29. Bxh6 Qb6 30. Be3 Ke8 31. g5 Nd7 32. Qf7+ Kd8 33. Qxg7 Rxa4 34. h4
Ra2 35. Rf2 Ra1+ 36. Kh2 Qe6 37. Bh3 Qc4 38. Rd2 Ra7 39. Qf8+ 1-0

[Event "FIDE World Blitz 2014"]
[Site "Dubai UAE"]
[Date "2014.06.20"]
[Round "15.27"]
[White "Sandipan, Chanda"]
[Black "Karjakin, Sergey"]
[Result "0-1"]
[WhiteTitle "GM"]
[BlackTitle "GM"]
[WhiteElo "2594"]
[BlackElo "2771"]
[WhiteFideId "5004225"]
[BlackFideId "14109603"]
[EventDate "2014.06.19"]

1. d4 Nf6 2. Nf3 e6 3. Bf4 c5 4. e3 Nc6 5. c3 d5 6. Nbd2 Bd6 7. Bg3 O-O 8. Bd3
b6 9. Qe2 Bb7 10. dxc5 bxc5 11. e4 Be7 12. e5 Nh5 13. Nh4 g6 14. Nhf3 Qb8 15.
O-O Rd8 16. Rfe1 Nxg3 17. hxg3 Qc7 18. Nf1 Rac8 19. Rad1 Qb6 20. N1h2 c4 21. Bb1
d4 22. cxd4 Nxd4 23. Nxd4 Rxd4 24. Rxd4 Qxd4 25. Rd1 Qc5 26. Ng4 Qc6 27. f3 Qc5+
28. Kh2 h5 29. Nf2 Rd8 30. Rxd8+ Bxd8 31. Be4 Qxe5 32. Qxc4 h4 33. f4 Qxb2 34.
Bxb7 hxg3+ 35. Kxg3 Qxb7 36. Ne4 Be7 37. Ng5 Qd7 38. Qe4 Kg7 39. Qc4 Bf6 40. Ne4
Bd4 41. Ng5 Qd6 42. Ne4 Qb6 43. Ng5 Bf2+ 44. Kh2 Qe3 45. Nf3 Qc5 46. Qxc5 Bxc5
47. Kg3 f5 48. Ng5 Kf6 49. Nh7+ Ke7 50. Kf3 Bd4 51. g4 Bf6 52. gxf5 exf5 53.
Nxf6 Kxf6 54. a4 Ke6 55. Kg3 Kd5 56. Kh4 Ke4 0-1

[Event "FIDE World Blitz 2014"]
[Site "Dubai UAE"]
[Date "2014.06.20"]
[Round "15.28"]
[White "Maletin, Pavel"]
[Black "Savchenko, Boris"]
[Result "1-0"]
[WhiteTitle "GM"]
[BlackTitle "GM"]
[WhiteElo "2588"]
[BlackElo "2581"]
[WhiteFideId "4146786"]
[BlackFideId "4147332"]
[EventDate "2014.06.19"]

1. c4 Nf6 2. g3 g6 3. Bg2 Bg7 4. Nc3 O-O 5. d4 e6 6. Nf3 d5 7. cxd5 exd5 8. O-O
c6 9. b4 a5 10. b5 c5 11. Bf4 Ne4 12. Rc1 Nxc3 13. Rxc3 Nd7 14. Bd6 cxd4 15.
Nxd4 Qb6 16. Bxf8 Bxd4 17. Rd3 Bxf2+ 18. Rxf2 Nxf8 19. Bxd5 Be6 20. Bxe6 Nxe6
21. Rd7 Rf8 22. Qd5 Nc7 23. Qe5 Ne6 24. Kg2 a4 25. h4 Ng7 26. e4 h5 27. Qd5 Ne6
28. Rxb7 Qe3 29. Rd7 g5 30. Qd3 Qc1 31. hxg5 Qxg5 32. Rd5 Qg6 33. b6 Rb8 34. Rb5
h4 35. b7 Ng5 36. Qd5 Nxe4 37. Qe5 Nd6 38. Rb6 Qxg3+ 39. Qxg3+ hxg3 40. Rc2 Nxb7
41. Rcb2 Re8 42. Rxb7 Re3 43. R7b4 1-0